|
|
|
|
| LEADER |
00594nam a22001697a 4500 |
| 005 |
20151026130317.0 |
| 008 |
091016t xxu||||| |||| 00| 0 eng d |
| 020 |
|
|
|a 81-88087-06-8
|
| 080 |
|
|
|a 92(CHEM)=M
|b JAI
|
| 100 |
|
|
|a Jain, V.
|9 6968
|
| 245 |
|
|
|a Anaswaranaya chembai
|
| 260 |
|
|
|a Thiruvananthapuram
|b Cultural publications department
|c 2003
|9 6969
|
| 300 |
|
|
|a 145p.
|
| 653 |
|
|
|a Music-India
|a Biography-Chembai
|a Music-Carnatic
|
| 942 |
|
|
|c BK
|6 _
|
| 999 |
|
|
|c 3007
|d 3007
|
| 952 |
|
|
|0 0
|1 0
|2 udc
|4 0
|6 92CHEMM_JAI
|7 0
|9 13161
|a UL
|b UL
|d 2009-10-16
|l 1
|o 92(CHEM)=M JAI
|p 00056849
|r 2011-11-20
|s 2011-10-23
|w 2009-10-16
|y BK
|